Otakar Novotný 1880-1959 : Architektonické dílo (katalog k výstave,Olomouc 1980)

Gespeichert in:
Bibliographische Detailangaben
Weitere Verfasser: Šlapeta, Vladimír (Zusammenstellung)
Format: Buch
Sprache:Tschechisch
Veröffentlicht: Praha : Český fond výtvarných umění, 1980
Schlagworte:
Tags: Tag hinzufügen
Keine Tags, Fügen Sie das erste Tag hinzu!

MARC

LEADER 00000nam a22000003a 4500
001 stu55899
005 20150617225656.1
008 001219s1980------------------------cze-d
040 |a STU  |b slo 
041 0 |a cze 
100 1 |a Šlapeta, Vladimír  |4 com 
245 1 |a Otakar Novotný 1880-1959 :  |b Architektonické dílo (katalog k výstave,Olomouc 1980) 
260 |a Praha :  |b Český fond výtvarných umění,  |c 1980 
300 |a nestr 
650 7 |a architekti českí  |2 stusub 
996 |b 284AU02605  |c A*3511 U  |l AAKNAR  |s A  |a 24  |w stu55899_0001